logo

Bir Sreshtho Munshi Abdur Rouf Library
Jhenaidah Cadet College

মাসিক কমপিউটার জগৎ / (Record no. 11537)

MARC details
000 -LEADER
fixed length control field 00624nas a2200181 a 4500
005 - DATE AND TIME OF LATEST TRANSACTION
control field 20191207131705.0
008 - FIXED-LENGTH DATA ELEMENTS--GENERAL INFORMATION
fixed length control field 191207b xxu||||| |||| 00| 0 eng d
040 ## - CATALOGING SOURCE
Transcribing agency Bd-JhCC
082 ## - DEWEY DECIMAL CLASSIFICATION NUMBER
Classification number 051
Item number MAS
245 ## - TITLE STATEMENT
Title মাসিক কমপিউটার জগৎ /
Statement of responsibility, etc. সম্পাদনায় গোলাপ মুনীর
260 ## - PUBLICATION, DISTRIBUTION, ETC.
Place of publication, distribution, etc. ঢাকা :
Name of publisher, distributor, etc. কমপিউটার জগৎ,
300 ## - PHYSICAL DESCRIPTION
Extent Vol 29, Issue 07
310 ## - CURRENT PUBLICATION FREQUENCY
Current publication frequency Monthly
650 ## - SUBJECT ADDED ENTRY--TOPICAL TERM
Topical term or geographic name entry element Computer
Form subdivision Periodicals
700 ## - ADDED ENTRY--PERSONAL NAME
Personal name মুনীর, গোলাপ
856 ## - ELECTRONIC LOCATION AND ACCESS
Uniform Resource Identifier <a href="http://www.comjagat.com/home/articles/archive">http://www.comjagat.com/home/articles/archive</a>
942 ## - ADDED ENTRY ELEMENTS (KOHA)
Source of classification or shelving scheme Dewey Decimal Classification
Koha item type Continuing Resources
Serial record 1
Holdings
Withdrawn status Lost status Source of classification or shelving scheme Damaged status Not for loan Home library Current library Shelving location Date acquired Cost, normal purchase price Total Checkouts Full call number Barcode Date last seen Price effective from Koha item type
    Dewey Decimal Classification     JCC Rouf Library JCC Rouf Library Reference 12/07/2019 70.00   051 MAS M1005 12/07/2019 12/07/2019 Continuing Resources

JCC Library | Contacts | JCC Home

Last Update on 23 September 2017
Copyright @ 2017-2020 JCC Rouf Library
Rouf Library, Jhenidah Cadet College (JCC), Bangladesh